000 02581cam a2200361 4500500
005 20260208005030.0
041 _afre
042 _adc
100 1 0 _aChauviré, Christiane
_eauthor
245 0 0 _aRorty lecteur de Peirce et Wittgenstein
260 _c2010.
500 _a36
520 _aLe jeune Rorty, qui se réclame encore de la philosophie analytique, rapproche dans un article deux auteurs, Peirce et Wittgenstein, qui sont partis en guerre contre l’esprit de réduction : refusant de réduire le sens à une entité à bords nets, ils en proclament le caractère irréductiblement vague. Selon Peirce en effet, toute signification se déploie dans le futur et revêt un caractère indéterminé, le sens d’un terme intellectuel s’identifiant à la somme des effets pratiques possibles de son utilisation (maxime pragmatiste). Wittgenstein, de son côté, s’emploie – contre l’esprit de réduction – à maintenir ouvert le caractère du sens, identifié à l’usage des mots. Les deux auteurs luttent ainsi contre une figure du réductionnisme en philosophie.
520 _aAt a time when he still described himself as an analytical philosopher, the young Rorty wrote an article in which he suggested a parallel between Peirce and Wittgenstein, on the ground that they both attack the reductionist outlook in philosophy : these two thinkers refuse to assume that meaning has well-defined boundaries, proclaiming instead that its vagueness is constitutive and cannot be eliminated. According to Peirce, all meaning is future-oriented and indeterminate, as the significance of a notional term is identical to the sum of the practical effects associated with its use, a basic principle of pragmatism. As to Wittgenstein, he combats reductionism by insisting that all meaning is open-ended, being identical to the actual uses of words. Both writers thus oppose one of the major modes of philosophical reductionism.
690 _acatégories
690 _aesprit de réduction
690 _alangage
690 _anominalisme
690 _anorme
690 _arégularité
690 _asigne
690 _avague
690 _acategories
690 _alanguage
690 _anominalism
690 _anorm
690 _areductionism
690 _aregularity
690 _asign
690 _avagueness
786 0 _nRevue française d’études américaines | 124 | 2 | 2010-11-28 | p. 29-38 | 0397-7870
856 4 1 _uhttps://shs.cairn.info/revue-francaise-d-etudes-americaines-2010-2-page-29?lang=fr&redirect-ssocas=7080
999 _c1650250
_d1650249